000 00393nam a2200157Ia 4500
008 160316s1996 xxu||||| |||| 00| 0 eng d
082 _a340.100000
_bDAM
100 _aD'Amato Anthony
245 _aIntroduction to law and legal thinking
250 _a
260 _aNew York
_bTransnational Publications
_c1996
300 _a203p
_b
_c
365 _bRs.1,314/-
650 _a
700 _a
_a
999 _c12508
_d12508